000
00221 a2200097 4500
001
51414
100
_a
Amin M
245
_a
Tarreqa-e-Jadeeda (Vol-I)
260
_a
Karachi
_b
Maktaba Darul Uloom
_c
090
_c
32590
_d
32590
942
_a
NUST-CAE
_c
M
_c
25103
999
_c
286487
_d
286487